Aspectos constitucionales y procesales de la inmunidad parlamentaria en el ordenamiento espaǫl

Bibliographic Details
Main Author: Martn̕ de Llano, Mara̕ Isabel
Format: Unknown
Language:Spanish
Published: Madrid : Dykinson, 2010
Subjects:
Online Access:Acceso restringido

MARC

LEADER 00000ny a22000003n 4500
005 20110623130935.0
008 100224s2010 sp 000 0 spa d
020 |a 9788498498479 
035 |a 5009 
040 |a BUS   |d vLex 
080 |a 342.534.2(460) 
090 |c 1065  |d 1065 
100 1 |a Martn̕ de Llano, Mara̕ Isabel 
245 1 0 |a Aspectos constitucionales y procesales de la inmunidad parlamentaria en el ordenamiento espaǫl  |h [Recurso electrn̤ico]  |c M® Isabel Martn̕ de Llano 
256 |a Servicio en ln̕ea 
260 |a Madrid :  |b Dykinson,  |c 2010 
300 |a 237 p. ;  |c 22 cm 
506 1 |a Contenido solo disponible en los productos indicados  |d vLex Global  |d vLex Global (Academic Edition, excluding Law Schools)  |d vLex Global (U.S. Academic Edition, Law Schools)  |d vLex Global (U.S. Academic Edition, excluding Law Schools)  |d vLex Global (Academic Edition, Law Schools) 
610 1 4 |a Espaą.  |b Cortes Generales  |x Privilegios e inmunidades 
650 0 7 |a Parlamentarios  |2 Tesauro vLex 
650 0 7 |a Inmunidad parlamentaria  |2 Tesauro vLex 
650 0 7 |a Derecho parlamentario  |2 Tesauro vLex 
740 0 |a vLex Libros (Servicios en ln̕ea) 
856 4 0 |u http://vlex.com/source/5009  |z Acceso restringido 
942 |c BOOK